ブルーアーカイブ 名前→名字クイズ - Statistics

General Stats
  • This quiz has been taken 3,031 times
    309 since last reset
  • The average score is 91 of 135
Answer Stats
名字 名前 % Correct
栗村くりむら アイリ
91%
天雨あまう アコ
88%
天童てんどう アリス
88%
陸八魔りくはちま アル
88%
白洲しらす アズサ
84%
天童てんどう ケイ
84%
砂狼すなおおかみ シロコ
83%
はかり アツコ
82%
銀鏡しろみ イオリ
81%
杏山きょうやま カズサ
81%
百合園ゆりぞの セイア
81%
一之瀬いちのせ アスナ
80%
桐生きりゅう キキョウ
80%
久田くだ イズナ
79%
空崎そらさき ヒナ
79%
小鳥遊たかなし ホシノ
79%
鰐渕わにぶち アカリ
78%
仲正なかまさ イチカ
78%
竜華りゅうげ キサキ
78%
音瀬おとせ コタマ
78%
下江しもえ コハル
78%
錠前じょうまえ サオリ
78%
生塩うしお ノア
78%
浦和うらわ ハナコ
78%
内海うつみ アオバ
77%
白石しらいし ウタハ
77%
飛鳥馬あすま トキ
77%
十六夜いざよい ノノミ
77%
合歓垣ねむがき フブキ
77%
聖園みその ミカ
77%
室笠むろかさ アカネ
76%
奥空おくそら アヤネ
76%
なつめ イロハ
76%
鬼方おにかた カヨコ
76%
和泉元いずみもと エイミ
75%
尾刃おがた カンナ
75%
黒崎くろさき コユキ
75%
空井そらい サキ
75%
黒見くろみ セリカ
75%
たちばな ヒカリ
75%
才羽さいば ミドリ
75%
丹花たんが イブキ
74%
中務なかつかさ キリノ
74%
薬子やくし サヤ
74%
大野おおの ツクヨ
74%
たちばな ノゾミ
74%
阿慈谷あじたに ヒフミ
74%
才羽さいば モモイ
74%
早瀬はやせ ユウカ
74%
古関こぜき ウイ
73%
剣先けんざき ツルギ
73%
伊落いおち マリー
73%
獅子堂ししどう イズミ
72%
春原すのはら ココナ
72%
春原すのはら シュン
72%
桐藤きりふじ ナギサ
72%
宇沢うざわ レイサ
72%
美甘みかも ネル
71%
黒舘くろだて ハルナ
71%
白尾しらお エリ
70%
歌住うたずみ サクラコ
70%
鷲見すみ セリナ
70%
明星あけぼし ヒマリ
70%
勘解由小路かでのこうじ ユカリ
70%
鬼怒川きぬがわ カスミ
69%
角楯かくだて カリン
69%
羽川はねかわ ハスミ
69%
伊草いぐさ ハルカ
69%
小鈎おまがり ハレ
69%
間宵まよい シグレ
68%
河和かわわ シズコ
68%
春日かすが ツバキ
68%
柚鳥ゆとり ナツ
68%
朝顔あさがお ハナエ
67%
朝比奈あさひな フィーナ
67%
月雪つきゆき ミヤコ
67%
調月つかつき リオ
67%
京極きょうごく サツキ
66%
連河れんかわ チェリノ
66%
小塗こぬり マキ
66%
羽沼はぬま マコト
66%
蒼森あおもり ミネ
66%
牛牧うしまき ジュリ
65%
かけはし スバル
65%
火宮ひのみや チナツ
65%
猫塚ねこづか ヒビキ
65%
愛清あいきよ フウカ
65%
霞沢かすみざわ ミユ
65%
浅黄あさぎ ムツキ
65%
狐坂こさか ワカモ
65%
夜桜よざくら キララ
64%
若葉わかば ヒナタ
64%
板垣いたがき カノエ
63%
円堂えんどう シミコ
63%
乙花おとはな スミレ
63%
氷室ひむろ セナ
63%
和楽わらく チセ
63%
各務かがみ チヒロ
63%
里浜さとはま ウミカ
62%
御稜ごりょう ナグサ
62%
戒野いましの ミサキ
61%
元宮もとみや チアキ
60%
天見あまみ ノドカ
60%
千鳥ちどり ミチル
60%
勇美いさみ カエデ
59%
桑上くわかみ カホ
59%
赤司あかし ジュンコ
59%
不破ふわ レンゲ
59%
豊見とよみ コトリ
58%
天地あまち ニヤ
58%
近衛このえ ミナ
58%
伊原木いばらぎ ヨシミ
58%
河駒風こまかぜ ラブ
58%
桜井さくらい ミヨ
57%
朱城あけしろ ルミ
57%
槌永つちなが ヒヨリ
56%
下倉しもくら メグ
56%
守月もりづき スズミ
54%
静山しずやま マシロ
54%
水羽みずは ミモリ
54%
風倉かぜくら モエ
54%
野正のまさ レイ
54%
若狭わかさ フユ
53%
姫木ひめき メル
53%
池倉いけくら マリナ
52%
安守やすもり ミノリ
51%
花岡はなおか ユズ
51%
秋泉あきいずみ モミジ
49%
鹿山かやま レイジョ
47%
佐城さしろ トモエ
46%
志真しま コノカ
44%
三善みよし タカネ
40%
薄葉うすば リツ
40%
荒槇あらまき ヤクモ
37%
衣斐きぬい レナ
32%
No matching quizzes found
Score Distribution
Percent of People with Each Score
Percentile by Number Answered
Your Score History
You have not taken this quiz since the last reset